=LDR 00000nam 2200000 4500 =001 INLIS000000000039654 =005 20130612145252 =008 ***********************************Ind** =035 ##$$a0010-061300000039654 =041 ##$$a Ind =082 ##$$a 813 =090 ##$$a 813, Cla j.I.2 =100 ##$$a Susanna Clarke =245 ##$$a Jonathan Strange =260 ##$$a 2009 $b Jakarta =300 ##$$a 336 hlm, 20 cm =700 ##$$a Dini Pandia =850 ##$$a NBPNMAT =990 ##$$a 0001/BPAP-NTB/20142014 =990 ##$$a 0001/BPAP-NTB/20142014 =990 ##$$a 0001/BPAP-NTB/20142014